| 000 | 00589nam a22002057a 4500 | ||
|---|---|---|---|
| 003 | OSt | ||
| 005 | 20250929005346.0 | ||
| 008 | 250929b |||||||| |||| 00| 0 eng d | ||
| 020 | _a 185868711 | ||
| 040 |
_aDWCL-Main lib _cOC |
||
| 082 | _aCirc. 641.3385 F239o 1999 | ||
| 100 | _aFarrington, Karen | ||
| 245 |
_aOils and vinegars/ _cKaren Farrington |
||
| 260 |
_aLondon: _bCarlton Books Limited, _cc1999 |
||
| 300 |
_a94 pages: _bcolor illustration; _c29cm. |
||
| 504 | _aIncludes index. | ||
| 650 | _a1. Vegetable oils | ||
| 650 | _a2. Vinegar | ||
| 942 |
_2ddc _cBK-CIRC _kCirc. _n0 |
||
| 999 |
_c4532 _d4532 |
||